000
00417nam a2200181Ia 4500
008
100917s9999 xx 000 0 und d
082
_b
53848
100
_a
---
245
_a
छायानट
260
_b
---
_c
---
300
_a
218
365
_b
0
520
_a
कादंबरी
630
_a
छायानट
650
_a
कादंबरी
730
_a
छायानट
942
_c
BOOK
999
_c
659242
_d
659239